000
00384nam a22001217a 4500
040
_c
RUA
082
_a
LGW ប្រាជ្ញ 2013 C160 Or.1
100
_a
ប្រាជ្ញ វិជ័យ,
245
_a
Analytical Thinking, ការគិតបែបវិភាគ
260
_a
PHNOM PENH
_b
RUA
_c
2017
300
_a
183p.
_b
ill.
_c
22cm.
942
_c
អភិវឌ្ឍន៍
999
_c
25663
_d
25663